000 00378nam a2200145Ia 4500
008 150201s2008 xx 000 0 und d
082 _a617.63
_bD2008G
100 _aGUPTA,PRIYA VERMA
245 _aDENTAL DISEASES : DIFFERENTIAL DIAGNOSIS
250 _a1ST
260 _bJAYPEE MEDICAL PUBLISHER
_aDELHI
_c2008
300 _a1-514
650 _aORAL MEDICINE
942 _2ddc
_cBK
999 _c4107
_d4107